000 01187cam a22003134a 4500
999 _c57278
_d57278
001 13838490
003 GE_BSU
005 20200203154958.0
008 050111s2005 enk b 001 0 eng
010 _a 2005040730
020 _a0582894360
040 _aDLC
_cDLC
_dDLC
042 _apcc
043 _ae-uk---
050 0 0 _aKD313
_b.M35 2005
082 0 0 _a811.111+34 M-12
100 1 _aMcKay, William R.
_q(William Robert),
_d1959-
_96715
245 1 0 _aLegal English /
_cWilliam R. McKay, Helen E. Charlton.
260 _aHarlow, England ;
_aNew York :
_bPearson/Longman,
_c2005.
300 _avii, 188 p. ;
_c25 cm.
504 _aIncludes bibliographical references and index.
650 0 _aLaw
_zGreat Britain
_vTerminology.
_96716
650 0 _aEnglish language
_vConversation and phrase books (for lawyers)
_96717
653 _aინგლისური ენა
700 1 _aCharlton, Helen E.
_96718
906 _a7
_bcbc
_corignew
_d1
_eocip
_f20
_gy-gencatlg
942 _2udc
_cBK
955 _apc11 to SSCD 2005-01-11
_asd20 2005-01-11 to LAW
_csg25 2005-01-12
_asg25 2005-02-18 rec'd from CIP, Feb. 22 to subj.
_aaa04 2005-02-28
_aps13 2005-09-06 1 copy rec'd., to CIP ver.